000 00639nam a2200205 a 4500
001 000010426
005 20240412074218.0
008 091007s1978 dr r 000 p spa d
040 _aDO-SdBNP
_bspa
_cBNPHU
082 _aRD861.44
_bJ25h
100 1 _aJakowska, Sophie,
_d1922-
_925432
245 1 0 _aHijos de la tierra.
260 _aSanto Domingo :
_bTaller,
_c1978.
300 _a38 p. ;
_c21 cm.
500 _aIncluye datos biográficos de la autora en las páginas 37-38
590 _aInventariado, 2018/BT
650 0 _aPoesía dominicana
_966
650 0 _aLiteratura dominicana.
_967
910 _aValidado. Control de calidad. MFF
999 _c10185
_d10185